[Event "12.Città di Padova Open A"]
[Site "Padova"]
[Date "2009.12.16"]
[Round "5.11"]
[White "Borgo, Giulio"]
[Black "Casciello, Dimitri"]
[Result "1-0"]
[WhiteElo "2439"]
[BlackElo "2028"]
[Annotator "Gabriele Ballarin"]
[PlyCount "73"]
[EventDate "2009.12.13"]
[EventType "swiss"]
[EventRounds "9"]
[EventCountry "ITA"]

1. e4 c5 2. Nf3 d6 3. d4 cxd4 4. Nxd4 Nf6 5. f3 g6 6. c4 Bg7 7. Be3 Nc6 8. Nc3 O-O 9. Qd2 Nd7 10. Nb3 b6 11. Rc1 Nc5 12. Na1 Bb7 13. Be2 Ne5 14. O-O Qd7 15. Nc2 Rac8 16. b3 f5 17. exf5 gxf5 18. Nd5 e6 19. Nf4 Nf7 20. Nh5 e5 21. Bxc5 Rxc5 22. Nxg7 Kxg7 23. f4 Qe6 24. Bh5 Qh6 25. Bf3 e4 26. Be2 Qf6 27. Ne3 Kh8 28. Rfd1 a5 29. a3 Rg8 30. Bh5 d5 31. Bxf7 Qxf7 32. cxd5 Rxc1 33. Rxc1 Qg7 34. Nxf5 Qf6 35. Ne3 Qxf4 36. Qd4+ Rg7 37. Rf1 1-0

[Event "12.Città di Padova Open A"]
[Site "Padova"]
[Date "2009.12.16"]
[Round "5.12"]
[White "Garonzi, Martino"]
[Black "Di Lazzaro, Gabriele"]
[Result "1/2-1/2"]
[WhiteElo "2028"]
[BlackElo "1930"]
[Annotator "Gabriele Ballarin"]
[PlyCount "64"]
[EventDate "2009.12.13"]
[EventType "swiss"]
[EventRounds "9"]
[EventCountry "ITA"]

1. e4 c5 2. Nf3 g6 3. d4 cxd4 4. Nxd4 Nc6 5. Be3 Nf6 6. Nc3 Bg7 7. Bc4 O-O 8. f3 Qb6 9. Bb3 Nxe4 10. Nd5 Qa5+ 11. c3 Nf6 12. Nxc6 dxc6 13. Nxe7+ Kh8 14. Nxc8 Raxc8 15. O-O Rcd8 16. Qc2 Nd5 17. Bf2 Kg8 18. Rad1 Nf6 19. Rxd8 Rxd8 20. Re1 Qc7 21. Bc5 Rd7 22. Qe2 h6 23. Bd4 b6 24. Qe3 Kh7 25. Be5 Qd8 26. Re2 Nd5 27. Bxd5 Rxd5 28. Bxg7 Kxg7 29. g3 Rd6 30. Kf2 Re6 31. Qd2 Qxd2 32. Rxd2 Re7 1/2-1/2

[Event "12.Città di Padova Open A"]
[Site "Padova"]
[Date "2009.12.16"]
[Round "5.13"]
[White "Isatto, Davide"]
[Black "Antoniacci, Riccardo"]
[Result "0-1"]
[WhiteElo "1947"]
[BlackElo "1895"]
[Annotator "Gabriele Ballarin"]
[PlyCount "75"]
[EventDate "2009.12.13"]
[EventType "swiss"]
[EventRounds "9"]
[EventCountry "ITA"]

1. d4 Nf6 2. c4 Nc6 3. Nf3 e6 4. a3 g6 5. Nc3 Bg7 6. Bg5 h6 7. Bh4 g5 8. Bg3 Nh5 9. e3 Nxg3 10. hxg3 b6 11. Bd3 Bb7 12. g4 d6 13. Qa4 Qd7 14. b4 Ne7 15. Qc2 Ng8 16. d5 O-O-O 17. O-O-O Nf6 18. Nd4 Kb8 19. dxe6 fxe6 20. f3 Qe7 21. Bg6 d5 22. Qa4 dxc4 23. Nc6+ Bxc6 24. Qxc6 Nd5 25. Nb5 Qf6 26. Nd4 Qxg6 27. Qa4 Bxd4 28. Rxd4 Nc3 29. Qc2 Qxc2+ 30. Kxc2 Nb5 31. Re4 Nxa3+ 32. Kb2 Rd3 33. Rxe6 Nb5 34. Re4 c3+ 35. Kc1 Rhd8 36. Rxh6 Rd1+ 37. Kc2 R8d2+ 38. Kb3 0-1

[Event "12.Città di Padova Open A"]
[Site "Padova"]
[Date "2009.12.16"]
[Round "5.14"]
[White "Belloni, Umberto"]
[Black "Litrico, Paolo"]
[Result "1-0"]
[WhiteElo "1858"]
[BlackElo "1906"]
[Annotator "Gabriele Ballarin"]
[PlyCount "149"]
[EventDate "2009.12.13"]
[EventType "swiss"]
[EventRounds "9"]
[EventCountry "ITA"]

1. d4 f5 2. Bg5 Nf6 3. g3 e6 4. Bg2 Be7 5. c3 O-O 6. Qb3 Na6 7. Bxf6 Bxf6 8. f4 c5 9. e3 cxd4 10. cxd4 Rb8 11. Nc3 Nc7 12. Nf3 b6 13. Ne5 Bb7 14. Bxb7 Rxb7 15. Nc4 Qe7 16. Qa3 Qxa3 17. Nxa3 b5 18. Nc2 b4 19. Na4 d6 20. O-O Rc8 21. Rf2 Nd5 22. Re2 Rbc7 23. Ne1 e5 24. dxe5 dxe5 25. Rd1 Ne7 26. fxe5 Bxe5 27. Nf3 Bf6 28. Nd4 Rd8 29. Red2 Bg5 30. Kf2 Kf7 31. Nf3 Rxd2+ 32. Rxd2 Bf6 33. Nd4 Rc1 34. Rc2 Rxc2+ 35. Nxc2 Nd5 36. Kf3 Bd8 37. e4 fxe4+ 38. Kxe4 Nf6+ 39. Kf3 a5 40. Nd4 Nd7 41. b3 Ne5+ 42. Ke4 Ng4 43. Nf3 h5 44. Nc5 Nf2+ 45. Kd5 Nd1 46. Kc6 Nc3 47. Nb7 Bf6 48. Nxa5 Nxa2 49. Kd5 Kg6 50. Nc6 Kf5 51. h3 g5 52. Nfd4+ Kg6 53. Ke4 Nc3+ 54. Kf3 Nd5 55. Ke4 Nc3+ 56. Kf3 Nd5 57. Ke4 Nc3+ 58. Kd3 Na2 59. Kc4 Bg7 60. Nc2 Kf5 61. N2xb4 Nxb4 62. Nxb4 Ke4 63. Nc6 Bf6 64. b4 g4 65. hxg4 h4 66. gxh4 Bxh4 67. b5 Bf2 68. g5 Kf5 69. Kd5 Kxg5 70. Nd4 Kf6 71. b6 Bg3 72. Kc6 Ke5 73. Nb5 Ke6 74. Nc7+ Ke7 75. b7 1-0

[Event "12.Città di Padova Open A"]
[Site "Padova"]
[Date "2009.12.16"]
[Round "5.15"]
[White "Sitta, Marco"]
[Black "Bondielli, Giorgio"]
[Result "1/2-1/2"]
[WhiteElo "1572"]
[BlackElo "1907"]
[Annotator "Gabriele Ballarin"]
[PlyCount "43"]
[EventDate "2009.12.13"]
[EventType "swiss"]
[EventRounds "9"]
[EventCountry "ITA"]

1. d4 f5 2. Nf3 Nf6 3. e3 g6 4. Bd3 Bg7 5. c4 d6 6. b3 O-O 7. O-O Nbd7 8. Bb2 Re8 9. Qc2 b6 10. Nbd2 Bb7 11. e4 fxe4 12. Nxe4 Nf8 13. d5 e5 14. Rae1 Nxe4 15. Bxe4 Nd7 16. Bc1 Nc5 17. Ng5 Qf6 18. b4 Nxe4 19. Nxe4 Qf5 20. Re3 Rf8 21. Rf3 Qd7 22. Rh3 1/2-1/2

[Event "12.Città di Padova Open A"]
[Site "Padova"]
[Date "2009.12.16"]
[Round "5.16"]
[White "Fracasso Pezzolato, Michele"]
[Black "Zanini, Andrea"]
[Result "0-1"]
[WhiteElo "1832"]
[BlackElo "1669"]
[Annotator "Gabriele Ballarin"]
[PlyCount "58"]
[EventDate "2009.12.13"]
[EventType "swiss"]
[EventRounds "9"]
[EventCountry "ITA"]

1. e4 d5 2. exd5 Nf6 3. Bb5+ Bd7 4. Bc4 c6 5. dxc6 Nxc6 6. Nf3 Bg4 7. Nc3 e6 8. h3 Bh5 9. g4 Bg6 10. d3 Bb4 11. Bd2 a6 12. a3 Bc5 13. b4 Ba7 14. Qe2 Nd4 15. Nxd4 Bxd4 16. Rd1 O-O 17. Ne4 Nd5 18. Kf1 b5 19. Bb3 Re8 20. c3 Bb6 21. g5 Qd7 22. h4 f5 23. gxf6 Nxf6 24. Nxf6+ gxf6 25. Rg1 Kh8 26. Bc1 e5 27. h5 Qh3+ 28. Rg2 Bxh5 29. Qd2 Bf3 0-1

[Event "12.Città di Padova Open A"]
[Site "Padova"]
[Date "2009.12.16"]
[Round "5.17"]
[White "De Marchi, Alessandro"]
[Black "Zordan, Antonio"]
[Result "1/2-1/2"]
[WhiteElo "1654"]
[BlackElo "1789"]
[Annotator "Gabriele Ballarin"]
[PlyCount "105"]
[EventDate "2009.12.13"]
[EventType "swiss"]
[EventRounds "9"]
[EventCountry "ITA"]

1. d4 c5 2. e3 d5 3. Nf3 Nc6 4. c3 Bg4 5. Qa4 Bd7 6. Qb3 c4 7. Qc2 Nf6 8. Nbd2 b5 9. h3 e6 10. e4 a5 11. g4 b4 12. Bg2 h6 13. O-O Be7 14. exd5 exd5 15. Re1 O-O 16. Nf1 h5 17. gxh5 Nxh5 18. Ng3 Nxg3 19. fxg3 g6 20. Bh6 Re8 21. Ne5 Bf5 22. Nxc6 Bxc2 23. Nxd8 Raxd8 24. Bf4 bxc3 25. bxc3 f5 26. Bc7 Rd7 27. Bxa5 Be4 28. Bxe4 dxe4 29. a3 Ra8 30. Bb4 Bxb4 31. axb4 Rda7 32. Rxa7 Rxa7 33. g4 Kf7 34. gxf5 gxf5 35. Kf2 Ke6 36. Kg3 Ra3 37. Re3 Ra1 38. Kf2 Rc1 39. Kg2 Rc2+ 40. Kg3 Kf6 41. Kh4 Rd2 42. Kg3 Kg5 43. h4+ Kf6 44. Re1 Rd3+ 45. Kf2 Rxc3 46. Rd1 Rb3 47. d5 Rxb4 48. d6 Rb8 49. d7 Rd8 50. Ke3 c3 51. Kf4 c2 52. Rc1 Rxd7 53. Rxc2 1/2-1/2

[Event "12.Città di Padova Open A"]
[Site "Padova"]
[Date "2009.12.16"]
[Round "5.18"]
[White "Meggiorin, Orlando"]
[Black "Franco, Alessandro P"]
[Result "0-1"]
[WhiteElo "1490"]
[BlackElo "1638"]
[Annotator "Gabriele Ballarin"]
[PlyCount "58"]
[EventDate "2009.12.13"]
[EventType "swiss"]
[EventRounds "9"]
[EventCountry "ITA"]

1. e4 Nf6 2. Bc4 Nxe4 3. Bxf7+ Kxf7 4. Qh5+ g6 5. Qd5+ e6 6. Qxe4 Nc6 7. Nf3 Bc5 8. d4 Bb4+ 9. c3 Be7 10. O-O Kg7 11. d5 exd5 12. Qxd5 Rf8 13. Be3 d6 14. Qd2 Rf5 15. c4 Be6 16. b3 d5 17. Na3 Bxa3 18. Bh6+ Kg8 19. cxd5 Bxd5 20. Qc3 Qf6 21. Qd3 Rd8 22. Qe3 Bxf3 23. gxf3 Bc5 24. Qe2 Qh4 25. Qe6+ Kh8 26. Bc1 Bd6 27. Rd1 Bxh2+ 28. Kf1 Rxd1+ 29. Ke2 Nd4+ 0-1

[Event "12.Città di Padova Open A"]
[Site "Padova"]
[Date "2009.12.16"]
[Round "5.19"]
[White "Lodi, Paolo"]
[Black "De Vito, Angelo"]
[Result "1-0"]
[WhiteElo "1627"]
[BlackElo "1440"]
[Annotator "Gabriele Ballarin"]
[PlyCount "143"]
[EventDate "2009.12.13"]
[EventType "swiss"]
[EventRounds "9"]
[EventCountry "ITA"]

1. Nf3 d5 2. b3 c5 3. Bb2 e6 4. g3 Nd7 5. Bg2 Ngf6 6. O-O Bd6 7. d3 O-O 8. Nbd2 Qc7 9. Re1 d4 10. Nc4 Be7 11. a4 Nd5 12. e3 dxe3 13. Nxe3 Bf6 14. Bxf6 N7xf6 15. Nc4 b6 16. Nce5 Bb7 17. Qd2 Rad8 18. h3 Qe7 19. Nh2 Nb4 20. Bxb7 Qxb7 21. Qe2 Qe7 22. c3 Nbd5 23. Nc6 Qd7 24. Nxd8 Rxd8 25. Rac1 Ne7 26. Rcd1 Qd5 27. d4 Nc6 28. c4 Qf5 29. dxc5 Qxc5 30. Rxd8+ Nxd8 31. Rd1 Nc6 32. Nf3 Qh5 33. Kg2 h6 34. Qc2 Kf8 35. Rd6 Qc5 36. Qd1 Ke7 37. Rd2 Qb4 38. Nd4 Qc5 39. Nxc6+ Qxc6+ 40. Qf3 Qc7 41. Qd3 Qc6+ 42. Kg1 Qc8 43. Qd6+ Ke8 44. Rd4 Qa8 45. b4 Qc8 46. b5 Nd7 47. Qc6 Kd8 48. Qd6 Ke8 49. Qc6 Kd8 50. Qf3 Ke8 51. Qg4 Kf8 52. Qe4 Nf6 53. Qc6 Qb8 54. Qd6+ Qxd6 55. Rxd6 Ke7 56. Rd4 Nd7 57. Rd3 Nc5 58. Ra3 Nb7 59. f4 Nc5 60. Kf2 Nb7 61. Ke3 f5 62. h4 h5 63. Rd3 Nc5 64. Ra3 Kd7 65. a5 Kc7 66. axb6+ Kxb6 67. Kd4 Nd7 68. Ra6+ Kb7 69. Rxe6 Kc7 70. Re7 g6 71. Rg7 Kd8 72. Rxg6 1-0

[Event "12.Città di Padova Open A"]
[Site "Padova"]
[Date "2009.12.17"]
[Round "6.1"]
[White "Fercec, Nenad"]
[Black "Lazic, Miroljub"]
[Result "1/2-1/2"]
[WhiteElo "2483"]
[BlackElo "2454"]
[Annotator "Gabriele Ballarin"]
[PlyCount "23"]
[EventDate "2009.12.13"]
[EventType "swiss"]
[EventRounds "9"]
[EventCountry "ITA"]

1. e4 e5 2. Nf3 Nc6 3. Bb5 a6 4. Ba4 Nge7 5. O-O d6 6. c3 Bd7 7. d4 Ng6 8. d5 Nb8 9. Bxd7+ Nxd7 10. c4 Be7 11. Nc3 O-O 12. Be3 1/2-1/2

[Event "12.Città di Padova Open A"]
[Site "Padova"]
[Date "2009.12.17"]
[Round "6.3"]
[White "Laketic, Gojko"]
[Black "Grover, Sahaj"]
[Result "1/2-1/2"]
[WhiteElo "2468"]
[BlackElo "2372"]
[Annotator "Gabriele Ballarin"]
[PlyCount "46"]
[EventDate "2009.12.13"]
[EventType "swiss"]
[EventRounds "9"]
[EventCountry "ITA"]

1. Nf3 Nf6 2. g3 d5 3. Bg2 c6 4. d3 Bg4 5. Nbd2 Nbd7 6. e4 dxe4 7. dxe4 e5 8. h3 Bh5 9. O-O Qc7 10. Qe1 Bc5 11. Nh4 O-O 12. Bf3 Bxf3 13. Ndxf3 Rfe8 14. Ng2 Bf8 15. Bg5 g6 16. Qe2 Bg7 17. Nh2 Nc5 18. Bxf6 Bxf6 19. Nf3 Bg7 20. Rad1 a5 21. Nge1 Rad8 22. Nd3 Ne6 23. c3 Rd7 1/2-1/2

[Event "12.Città di Padova Open A"]
[Site "Padova"]
[Date "2009.12.17"]
[Round "6.4"]
[White "Dvirnyy, Danyyil"]
[Black "Quinn, Mark"]
[Result "1-0"]
[WhiteElo "2461"]
[BlackElo "2393"]
[Annotator "Gabriele Ballarin"]
[PlyCount "171"]
[EventDate "2009.12.13"]
[EventType "swiss"]
[EventRounds "9"]
[EventCountry "ITA"]

1. e4 c5 2. Nf3 d6 3. d4 cxd4 4. Nxd4 Nf6 5. Nc3 g6 6. Be3 Bg7 7. f3 a6 8. Qd2 Nbd7 9. Bh6 Bxh6 10. Qxh6 b5 11. O-O-O Bb7 12. Bd3 Qb6 13. Nb3 b4 14. Ne2 Rc8 15. Kb1 a5 16. Rhe1 a4 17. Nd2 Ne5 18. Nc1 Qc6 19. Qe3 O-O 20. Qd4 Nxd3 21. cxd3 Qc2+ 22. Ka1 Ba6 23. Qxb4 Rb8 24. Qa3 Rfc8 25. Ne2 Qxd3 26. Qxd3 Bxd3 27. Nb1 Ba6 28. Nec3 Rb4 29. e5 dxe5 30. Rxe5 Rcb8 31. Rd2 e6 32. Ra5 Bf1 33. Rxa4 R4b6 34. b3 h5 35. Kb2 Kg7 36. Ra7 h4 37. Na4 Rc6 38. Nbc3 h3 39. gxh3 Bxh3 40. a3 Bf1 41. b4 Rc4 42. Rc2 Bd3 43. Rd2 Bf1 44. Ne4 Nxe4 45. fxe4 Rxe4 46. Nc5 Re2 47. Rxe2 Bxe2 48. Nxe6+ Kf6 49. Nd4 Bf1 50. Rc7 Rh8 51. Rc2 Ke5 52. Nc6+ Kd6 53. Nd4 Ke5 54. Nb3 f5 55. a4 Bd3 56. Rd2 Be4 57. Nc5 Bh1 58. b5 g5 59. a5 Rc8 60. Nd7+ Ke6 61. Kb3 Rc7 62. Nb6 g4 63. a6 f4 64. Kb4 g3 65. hxg3 fxg3 66. Rd1 Bf3 67. Re1+ Kf5 68. Nc4 Kf4 69. b6 Rg7 70. Ne5 Ba8 71. Nd3+ Kf3 72. Re8 g2 73. Ne1+ Kf2 74. Nxg2 Bxg2 75. Rc8 Rg4+ 76. Ka3 Rg3+ 77. Kb4 Rg4+ 78. Kc5 Rg5+ 79. Kd4 Rd5+ 80. Kc4 Rd7 81. a7 Rd6 82. Kc5 Rd5+ 83. Kb4 Rd6 84. Rc2+ Kf1 85. Rxg2 Rxb6+ 86. Ka5 1-0

[Event "12.Città di Padova Open A"]
[Site "Padova"]
[Date "2009.12.17"]
[Round "6.5"]
[White "Salvador, Roland"]
[Black "Efimov, Igor"]
[Result "0-1"]
[WhiteElo "2491"]
[BlackElo "2435"]
[Annotator "Gabriele Ballarin"]
[PlyCount "62"]
[EventDate "2009.12.13"]
[EventType "swiss"]
[EventRounds "9"]
[EventCountry "ITA"]

1. c4 e5 2. Nc3 Nc6 3. Nf3 Nf6 4. g3 h6 5. Bg2 e4 6. Nh4 Ne5 7. Qa4 Be7 8. Nf5 O-O 9. Nxe4 Nxe4 10. Bxe4 d5 11. Nxe7+ Qxe7 12. cxd5 Bh3 13. d4 Ng4 14. Bf3 Rfe8 15. Qc4 Rad8 16. e3 Rd6 17. Bd2 h5 18. Qe2 Qd7 19. O-O-O Qa4 20. Kb1 Rf6 21. e4 Bg2 22. Bxg2 Rxf2 23. Qd3 Rxg2 24. h3 Nf2 25. Qf3 Nxh1 26. b3 Qxd4 27. Qxg2 Nf2 28. Rf1 Nxe4 29. Be1 Qd1+ 30. Kb2 Nxg3 31. Bc3 Qe2+ 0-1

[Event "12.Città di Padova Open A"]
[Site "Padova"]
[Date "2009.12.17"]
[Round "6.6"]
[White "Bentivegna, Francesco"]
[Black "Dervishi, Erald"]
[Result "0-1"]
[WhiteElo "2303"]
[BlackElo "2564"]
[Annotator "Gabriele Ballarin"]
[PlyCount "60"]
[EventDate "2009.12.13"]
[EventType "swiss"]
[EventRounds "9"]
[EventCountry "ITA"]

1. e4 e5 2. Nf3 Nc6 3. d4 exd4 4. Nxd4 Nf6 5. Nxc6 bxc6 6. e5 Qe7 7. Qe2 Nd5 8. c4 Nb6 9. Nc3 Qe6 10. Qe4 d5 11. exd6 cxd6 12. Bd3 Ba6 13. Be3 Qxe4 14. Bxe4 Rc8 15. b3 d5 16. Bf5 Rd8 17. O-O-O Ba3+ 18. Kb1 dxc4 19. Bxb6 Rxd1+ 20. Rxd1 axb6 21. Bd7+ Ke7 22. Bxc6 Rc8 23. Bf3 Kf8 24. Bg4 Re8 25. bxc4 Bxc4 26. Bf3 Rc8 27. Be4 Be6 28. Rd3 Rc4 29. Kc2 b5 30. Kd2 b4 0-1

[Event "12.Città di Padova Open A"]
[Site "Padova"]
[Date "2009.12.17"]
[Round "6.7"]
[White "Magrini, Fabrizio"]
[Black "Sanchez, Joseph"]
[Result "1/2-1/2"]
[WhiteElo "2146"]
[BlackElo "2487"]
[Annotator "Gabriele Ballarin"]
[PlyCount "73"]
[EventDate "2009.12.13"]
[EventType "swiss"]
[EventRounds "9"]
[EventCountry "ITA"]

1. e4 d5 2. exd5 Nf6 3. Bb5+ Nbd7 4. Nf3 Nxd5 5. d4 c6 6. Be2 g6 7. O-O Bg7 8. c4 N5f6 9. Nc3 O-O 10. Bf4 Nh5 11. Be3 Qc7 12. Qd2 e5 13. Bh6 exd4 14. Bxg7 Nxg7 15. Nxd4 Nc5 16. Rfd1 a5 17. Rac1 Re8 18. Bf3 Nf5 19. g3 a4 20. Nce2 Qb6 21. Kg2 Bd7 22. Qc2 Re7 23. Rd2 Rae8 24. Rcd1 h5 25. h4 Ne4 26. Bxe4 Rxe4 27. Nf3 c5 28. Nc3 Bc6 29. Nxe4 Bxe4 30. Qxa4 Qe6 31. Qxe8+ Qxe8 32. Rd8 Qxd8 33. Rxd8+ Kg7 34. Re8 Bc6 35. Rc8 Be4 36. Re8 Bc6 37. Rc8 1/2-1/2

[Event "12.Città di Padova Open A"]
[Site "Padova"]
[Date "2009.12.17"]
[Round "6.8"]
[White "Genocchio, Daniele"]
[Black "Borgo, Giulio"]
[Result "0-1"]
[WhiteElo "2464"]
[BlackElo "2439"]
[Annotator "Gabriele Ballarin"]
[PlyCount "117"]
[EventDate "2009.12.13"]
[EventType "swiss"]
[EventRounds "9"]
[EventCountry "ITA"]

1. e4 c5 2. Nf3 e6 3. d4 cxd4 4. Nxd4 d6 5. Nc3 Nc6 6. Be3 Nf6 7. Bc4 a6 8. Qe2 Nxd4 9. Bxd4 b5 10. Bb3 Be7 11. f4 O-O 12. a3 e5 13. fxe5 dxe5 14. Bxe5 Bc5 15. Nd5 Nxd5 16. Bxd5 Ra7 17. Qh5 Qe7 18. Bc3 b4 19. axb4 Bxb4 20. O-O Bxc3 21. bxc3 Qc5+ 22. Kh1 Qxc3 23. Rab1 Re7 24. Rb8 Qc7 25. Ra8 g6 26. Qh6 Ree8 27. c4 Be6 28. Rxa6 Bxd5 29. cxd5 Rxe4 30. Raf6 Qe5 31. Qd2 Rd4 32. Qf2 Qxd5 33. h3 Rd3 34. Kh2 Kg7 35. Qa7 Rd2 36. R6f2 Ra2 37. Qe7 Kg8 38. Qh4 Re8 39. Kg1 Rxf2 40. Rxf2 Re4 41. Qg3 Rb4 42. Qc7 Qe6 43. Rf4 Rxf4 44. Qxf4 Kg7 45. Qc7 Qf6 46. Qb8 Qd4+ 47. Kh1 h6 48. Qe8 g5 49. Qc8 h5 50. Qf5 Qa1+ 51. Kh2 Qf6 52. Qc5 Qf4+ 53. Kh1 Kg6 54. Qc6+ Qf6 55. Qe4+ Kh6 56. Kg1 Qa1+ 57. Kh2 Qc1 58. Qe8 Qf4+ 59. Kh1 0-1

[Event "12.Città di Padova Open A"]
[Site "Padova"]
[Date "2009.12.17"]
[Round "6.9"]
[White "Garonzi, Martino"]
[Black "Dragojlovic, Andjelko"]
[Result "0-1"]
[WhiteElo "2028"]
[BlackElo "2394"]
[Annotator "Gabriele Ballarin"]
[PlyCount "58"]
[EventDate "2009.12.13"]
[EventType "swiss"]
[EventRounds "9"]
[EventCountry "ITA"]

1. e4 c5 2. Nf3 g6 3. d4 cxd4 4. Nxd4 Bg7 5. Nc3 Nc6 6. Be3 Nf6 7. Bc4 O-O 8. Bb3 d6 9. f3 Bd7 10. Qd2 Nxd4 11. Bxd4 b5 12. O-O-O a5 13. e5 dxe5 14. Bxe5 Bc6 15. Qe3 Qe8 16. Bxf6 Bxf6 17. Nd5 Bxd5 18. Bxd5 Rb8 19. h4 e6 20. Be4 Qe7 21. h5 Rfc8 22. hxg6 hxg6 23. Kb1 a4 24. c3 b4 25. c4 Rxc4 26. Qf4 Rbc8 27. Qh6 a3 28. b3 Rc3 29. Rd3 Bg7 0-1

[Event "12.Città di Padova Open A"]
[Site "Padova"]
[Date "2009.12.17"]
[Round "6.10"]
[White "Kizov, Atanas"]
[Black "Belloni, Umberto"]
[Result "1-0"]
[WhiteElo "2415"]
[BlackElo "1858"]
[Annotator "Gabriele Ballarin"]
[PlyCount "69"]
[EventDate "2009.12.13"]
[EventType "swiss"]
[EventRounds "9"]
[EventCountry "ITA"]

1. d4 d5 2. c4 c6 3. Nf3 Nf6 4. Qc2 e6 5. g3 Nbd7 6. Bg2 h6 7. O-O Be7 8. Nbd2 O-O 9. e4 dxe4 10. Nxe4 Nxe4 11. Qxe4 Nf6 12. Qe2 Re8 13. Rd1 Qa5 14. Bd2 Qh5 15. h3 Qg6 16. Ne5 Qc2 17. b3 Qb2 18. Qe3 Qa3 19. Bc3 Bb4 20. Bxb4 Qxb4 21. a3 Qb6 22. c5 Qc7 23. Nc4 Nd5 24. Qe1 Bd7 25. b4 b5 26. Nd6 Rf8 27. a4 a6 28. Kh2 Ra7 29. Rd3 Rfa8 30. Rda3 Qb8 31. R1a2 Bc8 32. axb5 cxb5 33. Bxd5 exd5 34. Qe8+ Kh7 35. Qxc8 1-0

[Event "12.Città di Padova Open A"]
[Site "Padova"]
[Date "2009.12.17"]
[Round "6.11"]
[White "Boscolo, Federico Meneguolo"]
[Black "Antoniacci, Riccardo"]
[Result "1-0"]
[WhiteElo "1990"]
[BlackElo "1895"]
[Annotator "Gabriele Ballarin"]
[PlyCount "53"]
[EventDate "2009.12.13"]
[EventType "swiss"]
[EventRounds "9"]
[EventCountry "ITA"]

1. e4 Nc6 2. Nf3 e5 3. Bc4 Nf6 4. d4 exd4 5. O-O Nxe4 6. Re1 d5 7. Bxd5 Qxd5 8. Nc3 Qa5 9. Nxe4 Be6 10. Bd2 Bb4 11. Nxd4 Nxd4 12. c3 Be7 13. cxd4 Qd5 14. Bf4 c6 15. Nc3 Qf5 16. d5 Rd8 17. Qd4 b5 18. Qxa7 cxd5 19. Bc7 Rc8 20. Nxb5 O-O 21. Bd6 Rfd8 22. Qxe7 Rd7 23. Qh4 Rc4 24. Rac1 g5 25. Qg3 Qe4 26. Qxg5+ Kh8 27. Be5+ 1-0

[Event "12.Città di Padova Open A"]
[Site "Padova"]
[Date "2009.12.17"]
[Round "6.12"]
[White "Zanini, Andrea"]
[Black "Rettore, Ludwig"]
[Result "1/2-1/2"]
[WhiteElo "1669"]
[BlackElo "2197"]
[Annotator "Gabriele Ballarin"]
[PlyCount "107"]
[EventDate "2009.12.13"]
[EventType "swiss"]
[EventRounds "9"]
[EventCountry "ITA"]

1. d4 d5 2. Nf3 e6 3. e3 Nf6 4. Bd3 Nbd7 5. Nbd2 Bd6 6. O-O O-O 7. c3 Re8 8. Re1 e5 9. e4 exd4 10. cxd4 dxe4 11. Nxe4 Nxe4 12. Rxe4 Rxe4 13. Bxe4 Nf6 14. Bd3 Bg4 15. h3 Bh5 16. g4 Bg6 17. Bxg6 hxg6 18. Bg5 Qe8 19. Qb3 Qe4 20. Re1 Qd5 21. Qxd5 Nxd5 22. a3 f6 23. Bc1 Kf7 24. h4 Rd8 25. g5 Rd7 26. Kf1 Re7 27. Rxe7+ Nxe7 28. Ke2 Ke6 29. Ng1 Nf5 30. Nf3 Kd5 31. Kd3 b5 32. Bd2 c6 33. Be1 Bc7 34. Bd2 Bb6 35. Bc3 a5 36. b4 a4 37. Bb2 Bc7 38. Bc1 Bb8 39. Bd2 Ba7 40. Bc3 Bb6 41. Bb2 Ba7 42. Bc3 Nd6 43. Nd2 Bb8 44. f4 Nf5 45. gxf6 gxf6 46. Ne4 Bxf4 47. Nxf6+ Ke6 48. d5+ cxd5 49. h5 d4 50. Bxd4 Nxd4 51. Kxd4 Bd6 52. hxg6 Kxf6 53. Kd5 Bxb4 54. Kc6 1/2-1/2

[Event "12.Città di Padova Open A"]
[Site "Padova"]
[Date "2009.12.17"]
[Round "6.13"]
[White "Casciello, Dimitri"]
[Black "Battagin_214, Mosè"]
[Result "1-0"]
[WhiteElo "2028"]
[BlackElo "1916"]
[Annotator "Gabriele Ballarin"]
[PlyCount "59"]
[EventDate "2009.12.13"]
[EventType "swiss"]
[EventRounds "9"]
[EventCountry "ITA"]

1. e4 d6 2. d4 Nf6 3. Nc3 g6 4. f3 c6 5. Be3 Bg7 6. Qd2 b5 7. O-O-O Qa5 8. Kb1 O-O 9. Nd5 Nxd5 10. Qxa5 Nxe3 11. Rc1 Nxf1 12. Rxf1 Bxd4 13. Ne2 Bf6 14. g4 Be6 15. h4 Nd7 16. g5 Bg7 17. b3 Nc5 18. Nf4 Bd7 19. Nd3 Nxd3 20. cxd3 Rfc8 21. f4 c5 22. f5 Bd4 23. h5 c4 24. hxg6 hxg6 25. dxc4 bxc4 26. fxg6 Rc5 27. gxf7+ Kg7 28. Qxa7 cxb3 29. Qxa8 bxa2+ 30. Qxa2 1-0

[Event "12.Città di Padova Open A"]
[Site "Padova"]
[Date "2009.12.17"]
[Round "6.14"]
[White "Franco, Alessandro P"]
[Black "Di Lazzaro, Gabriele"]
[Result "1/2-1/2"]
[WhiteElo "1638"]
[BlackElo "1930"]
[Annotator "Gabriele Ballarin"]
[PlyCount "127"]
[EventDate "2009.12.13"]
[EventType "swiss"]
[EventRounds "9"]
[EventCountry "ITA"]

1. e4 Nc6 2. d4 d5 3. e5 f6 4. f4 Bf5 5. Nf3 e6 6. Be3 Bb4+ 7. c3 Ba5 8. Nh4 Nge7 9. Nd2 a6 10. g4 Bg6 11. Nxg6 Nxg6 12. Bd3 Nf8 13. Qe2 Qe7 14. a4 Bb6 15. b4 Nxb4 16. cxb4 Qxb4 17. O-O Bxd4 18. Rab1 Qc5 19. Rfe1 Bxe3+ 20. Qxe3 Qxe3+ 21. Rxe3 b6 22. exf6 gxf6 23. Nf3 Kd7 24. Kf2 Rg8 25. Kg3 Rg7 26. Nd4 c5 27. Nc2 Kc6 28. Rc1 Kd6 29. Rd1 Rb7 30. f5 b5 31. fxe6 Nxe6 32. Be4 Nc7 33. Red3 c4 34. Bxd5 cxd3 35. Bxb7 Rb8 36. Rxd3+ Ke5 37. Re3+ Kd6 38. Be4 h6 39. axb5 axb5 40. Kf4 b4 41. Rb3 Kc5 42. Kf5 Rb6 43. Rh3 b3 44. Na3 Ne8 45. Kf4 Nd6 46. Bg6 Rb4+ 47. Kf3 b2 48. Bc2 Nc4 49. Nxc4 Rxc4 50. Bf5 Rc1 51. Kg2 b1=Q 52. Bxb1 Rxb1 53. Rxh6 Rb6 54. Kf3 Kd5 55. g5 Rb3+ 56. Kg4 fxg5 57. Kxg5 Ke5 58. Ra6 Rh3 59. Rh6 Rxh6 60. Kxh6 Kf6 61. h4 Kf7 62. Kh7 Kf8 63. h5 Kf7 64. h6 1/2-1/2

[Event "12.Città di Padova Open A"]
[Site "Padova"]
[Date "2009.12.17"]
[Round "6.15"]
[White "Sitta, Marco"]
[Black "Isatto, Davide"]
[Result "1/2-1/2"]
[WhiteElo "1572"]
[BlackElo "1947"]
[Annotator "Gabriele Ballarin"]
[PlyCount "33"]
[EventDate "2009.12.13"]
[EventType "swiss"]
[EventRounds "9"]
[EventCountry "ITA"]

1. d4 Nf6 2. Nf3 g6 3. Nbd2 d5 4. e3 Bg7 5. c4 c6 6. Bd3 O-O 7. O-O Nbd7 8. b3 a6 9. c5 Qc7 10. Bb2 Nh5 11. Be2 Nhf6 12. b4 Ne4 13. Nxe4 dxe4 14. Nd2 f5 15. Nc4 Kh8 16. Qb3 Nf6 17. Nb6 1/2-1/2

[Event "12.Città di Padova Open A"]
[Site "Padova"]
[Date "2009.12.17"]
[Round "6.17"]
[White "Litrico, Paolo"]
[Black "Zordan, Antonio"]
[Result "1-0"]
[WhiteElo "1906"]
[BlackElo "1789"]
[Annotator "Gabriele Ballarin"]
[PlyCount "88"]
[EventDate "2009.12.13"]
[EventType "swiss"]
[EventRounds "9"]
[EventCountry "ITA"]

1. d4 Nf6 2. Nf3 d5 3. Bf4 e6 4. e3 c5 5. c3 Nc6 6. Nbd2 Bd7 7. Bd3 Be7 8. Ne5 Nxe5 9. dxe5 Ng8 10. Bg3 Qb6 11. Rb1 Bb5 12. Bc2 Qa6 13. Ra1 Nh6 14. Bf4 Nf5 15. Nf3 g6 16. h4 O-O-O 17. g4 Ng7 18. Bg5 Rd7 19. Bxe7 Rxe7 20. b4 Qa3 21. Qd2 Rc7 22. bxc5 Rxc5 23. Bb3 Bc4 24. Rb1 Rd8 25. Nd4 a6 26. f3 Rd7 27. Kf2 Rdc7 28. Rhc1 Ne8 29. Rc2 b5 30. Rcb2 Kd7 31. Bd1 f6 32. exf6 Nxf6 33. e4 e5 34. Nc2 Qa5 35. Nb4 Qb6 36. Kg2 Qe6 37. a4 Ke8 38. axb5 axb5 39. Ra1 Rc8 40. Ra6 Qf7 41. Qg5 dxe4 42. Rxf6 exf3+ 43. Bxf3 Qe7 44. Ra6 e4 1-0